000 00329nam a22001217a 4500
008 230620b xxu||||| |||| 00| 0 eng d
082 _a320
_bYES 1990
100 _cEdward M. Yesse
245 _aA Comparative Analysis of the Parliamentary Democracy in Kenya and India
260 _aIndia
_c1990
300 _a52p
942 _2ddc
_cBK
999 _c1605
_d1605